000 00942nam a2200253Ia 4500
003 OSt
005 20221005111512.0
006 a|||||r|||| 00| 0
007 ta
008 221004b |||||||| |||| 00| 0 hin d
020 _a8126001119 (hbk)
_c550
024 _a92321
037 _b534, 19/03/2009, Vani Prakashan
_cTextual
040 _aCRL
_cCRL
_bhin
041 _2hin
_ahin
082 _aO123974,1N14x, 152N6
100 _aशुक्ल, प्रयाग, अनु.
245 0 _aओक्ताविओ पाज़ की कविताएॅं
246 _aOktāvio pāज़ kī kavitāeॅan
260 _aनई दिल्ली
_bसाहित्य अकादेमी भारत
_c1996
300 _a156पृ0
_ccm.
942 _hO123974,1N14x, 152N6
_cTEXL
_2cc
999 _c1022032
_d1022032